Optimalizácia prevádzky malých čistiarní odpadových vôd s biologickým čistením

Saved in:
Bibliographic Details
Main Author: Holovey, Renata (Author)
Other Authors: Drtil, Miloslav (Thesis advisor)
Format: Manuscript Book
Language:Slovak
Published: 2025
Subjects:
Online Access:http://is.stuba.sk/zp/portal_zp.pl?podrobnosti=171268
Tags: Add Tag
No Tags, Be the first to tag this record!

MARC

LEADER 00000ntm a22000003a 4500
001 stuzp104521
003 SK-STU
005 20250628211712.0
007 ta
008 150427s2015----xo-----f-mn---000-0-slo-d
040 |a STU  |b slo 
041 0 |a slo 
100 1 |a Holovey, Renata  |u 046290  |4 aut  |U FCHPT Ústav chemického a environmentálneho inžinierstva  |T FCHPT Oddelenie environmentálneho inžinierstva  |X 117106  |U C6290  |Y 120  |7 117106 
242 0 1 |a Optimization of small wastewater treatment oplants with biological treatment  |y eng 
245 1 0 |a Optimalizácia prevádzky malých čistiarní odpadových vôd s biologickým čistením 
260 |c 2025 
650 4 |a aktivácia  |2 slo 
650 4 |a parametre aktivovaného kalu  |2 slo 
650 4 |a dezinfekcia biologicky vyčistenej odpadovej vody  |2 slo 
650 4 |a domová čistiareň odpadových vôd DČOV  |2 slo 
650 4 |a slovenská legislatíva pre DČOV  |2 slo 
650 4 |a pozitíva a riziká DČOV a ich prevádzky  |2 slo 
650 4 |a vyčistená voda v biologickom stupni DČOV  |2 slo 
650 4 |a activated sludge process  |2 eng 
650 4 |a activated sludge and its parameters  |2 eng 
650 4 |a disinfection of biologically treated wastewater  |2 eng 
650 4 |a domestic wastewater treatment plant  |2 eng 
650 4 |a legislation demands  |2 eng 
650 4 |a advantages and risks of operation  |2 eng 
650 4 |a treated wastewater  |2 eng 
700 1 |a Drtil, Miloslav  |u 046000  |k Z1  |4 ths  |U FCHPT Fakulta chemickej a potravinárskej technológie  |T FCHPT Ústav chemického a environmentálneho inžinierstva  |X 3377  |U C6000  |Y 104  |7 A000003377 
856 4 |u http://is.stuba.sk/zp/portal_zp.pl?podrobnosti=171268